000 00287nam a2200133Ia 4500
100 _aWinston. S. E.
942 _cBK
654 _aMachine design.
245 _aMachine design.
260 _bD.B.Taraporevala sons &co.
_c2001
082 _a621.815
300 _a334
546 _aENGLISH
999 _c30782
_d30782